Basics of biblical Greek : (Record no. 2948)
[ view plain ]
| 000 -LEADER | |
|---|---|
| fixed length control field | 01489cam a2200349Ia 4500 |
| 001 - CONTROL NUMBER | |
| control field | 42332577 |
| 003 - CONTROL NUMBER IDENTIFIER | |
| control field | OCoLC |
| 005 - DATE AND TIME OF LATEST TRANSACTION | |
| control field | 20181019153936.0 |
| 008 - FIXED-LENGTH DATA ELEMENTS--GENERAL INFORMATION | |
| fixed length control field | 990909t19991993miua b 001 0 eng d |
| 020 ## - INTERNATIONAL STANDARD BOOK NUMBER | |
| International Standard Book Number | 0310232112 |
| 020 ## - INTERNATIONAL STANDARD BOOK NUMBER | |
| International Standard Book Number | 9780310232117 |
| 035 ## - SYSTEM CONTROL NUMBER | |
| System control number | (OCoLC)42332577 |
| 040 ## - CATALOGING SOURCE | |
| Original cataloging agency | LOS |
| Language of cataloging | eng |
| Transcribing agency | LOS |
| Modifying agency | OCLCQ |
| -- | OCLCO |
| -- | OCLCA |
| -- | UtOrBLW |
| 050 #4 - LIBRARY OF CONGRESS CALL NUMBER | |
| Classification number | PA817 |
| Item number | .M63 1999 |
| 082 04 - DEWEY DECIMAL CLASSIFICATION NUMBER | |
| Classification number | REF 487.4 |
| Item number | M928B |
| 090 ## - LOCALLY ASSIGNED LC-TYPE CALL NUMBER (OCLC); LOCAL CALL NUMBER (RLIN) | |
| Classification number (OCLC) (R) ; Classification number, CALL (RLIN) (NR) | PA817 |
| Local cutter number (OCLC) ; Book number/undivided call number, CALL (RLIN) | .M63 1999 |
| 100 1# - MAIN ENTRY--PERSONAL NAME | |
| Personal name | Mounce, William D |
| 245 10 - TITLE STATEMENT | |
| Title | Basics of biblical Greek : |
| Remainder of title | grammar / |
| Statement of responsibility, etc. | William D. Mounce |
| 264 #1 - PRODUCTION, PUBLICATION, DISTRIBUTION, MANUFACTURE, AND COPYRIGHT NOTICE | |
| Place of production, publication, distribution, manufacture | Grand Rapids, Mich. : |
| Name of producer, publisher, distributor, manufacturer | Zondervan, |
| Date of production, publication, distribution, manufacture, or copyright notice | [1999] |
| 264 #4 - PRODUCTION, PUBLICATION, DISTRIBUTION, MANUFACTURE, AND COPYRIGHT NOTICE | |
| Date of production, publication, distribution, manufacture, or copyright notice | ©1993 |
| 300 ## - PHYSICAL DESCRIPTION | |
| Extent | xviii, 459 pages : |
| Other physical details | illustrations ; |
| Dimensions | 25 cm + |
| Accompanying material | CD-ROM (4 3/4 in.) |
| 336 ## - CONTENT TYPE | |
| Content type term | text |
| Content type code | txt |
| Source | rdacontent |
| 337 ## - MEDIA TYPE | |
| Media type term | unmediated |
| Media type code | n |
| Source | rdamedia |
| 338 ## - CARRIER TYPE | |
| Carrier type term | volume |
| Carrier type code | nc |
| Source | rdacarrier |
| 500 ## - GENERAL NOTE | |
| General note | The CD-ROM includes an interactive study aid and Greek vocabulary-drilling programs, Flashworks and Parseworks from Teknia Language Tools (runs on Macintosh and Windows 3.1 and 95) |
| 504 ## - BIBLIOGRAPHY, ETC. NOTE | |
| Bibliography, etc. note | Includes bibliographical references and index |
| 630 00 - SUBJECT ADDED ENTRY--UNIFORM TITLE | |
| Uniform title | Bible. |
| Name of part/section of a work | New Testament |
| General subdivision | Language, style |
| 650 #0 - SUBJECT ADDED ENTRY--TOPICAL TERM | |
| Topical term or geographic name entry element | Greek language, Biblical |
| General subdivision | Grammar |
| 776 08 - ADDITIONAL PHYSICAL FORM ENTRY | |
| Relationship information | Online version: |
| Main entry heading | Mounce, William D. |
| Title | Basics of biblical Greek. |
| Place, publisher, and date of publication | Grand Rapids, Mich. : Zondervan, [1999], ©1993 |
| Record control number | (OCoLC)605365622 |
| 776 08 - ADDITIONAL PHYSICAL FORM ENTRY | |
| Relationship information | Online version: |
| Main entry heading | Mounce, William D. |
| Title | Basics of biblical Greek. |
| Place, publisher, and date of publication | Grand Rapids, Mich. : Zondervan, [1999], ©1993 |
| Record control number | (OCoLC)606932931 |
| 942 ## - ADDED ENTRY ELEMENTS (KOHA) | |
| Source of classification or shelving scheme | Dewey Decimal Classification |
| Koha item type | Reference |
| Withdrawn status | Lost status | Source of classification or shelving scheme | Damaged status | Not for loan | Collection code | Home library | Current library | Shelving location | Date acquired | Total Checkouts | Full call number | Barcode | Date last seen | Price effective from | Koha item type |
|---|---|---|---|---|---|---|---|---|---|---|---|---|---|---|---|
| Dewey Decimal Classification | Not For Loan | Reference | Harvest Mission College | Harvest Mission College | Reference | 19.10.2018 | REF 487.4 M928B | 000816 | 19.10.2018 | 19.10.2018 | Reference | ||||
| Dewey Decimal Classification | Not For Loan | Reference | Harvest Mission College | Harvest Mission College | Reference | 31.01.2025 | REF 487.4 M928B | 013242 | 31.01.2025 | 31.01.2025 | Reference |
